000 00917nam a2200301Ia 4500
001 23544
003 IT-RoPAU
008 130308s9999 xx 000 0 und d
040 _aIT-RoPAU
040 _cIT-RoPAU
041 _aFRANCESE
100 _aKristeva Julia
100 _gCodice Aut. SPICS: 4996
245 _aPouvoirs de l'horreur-Essai sur l'abjection
245 _bPouvoirs de L'Horreur-Essai Sur L'Abjection
250 _a2a ed.
260 _aPARIS
260 _bSeuil
260 _c1983 [1° Ed.:1980 - Ed.Ling.Originale:1980]
300 _a"252 p. (prefazione: no ; testo: 252)"
500 _aPotere dell'Orrore Saggio Sull'Abiezione Paura Semiotica dell'Abominazione Biblica dolore Orrore Angoscia Fobia Allucinazione del nulla narcisismo Fobico Tabu'
650 _aSEMIOLOGIA
650 _eCodice materia Spics: 3251
942 _cBK
957 _71
999 _c66090
_d66090
999 _bSI
999 _g1